Objets du Système Solaire par image - Statistiques

Statistiques générales
  • Ce quiz a été pris 35 fois
  • Le résultat moyen est 14 sur 28
Statistiques - réponses
Par images Hint Réponse % Correct
Étoile Soleil
100%
Planète Mars
96%
Planète Saturne
96%
Planète Terre
96%
Planète Jupiter
93%
Planète Neptune
93%
Planète Mercure
89%
Planète Vénus
89%
Planète Uranus
86%
Satellite naturel Lune
71%
Planète naine Pluton
68%
Satellite naturel Europe
39%
Satellite naturel Io
39%
Comète Comète de Halley
36%
Satellite naturel Titan
36%
Satellite naturel Ganymède
29%
Satellite naturel Déimos
25%
Satellite naturel Callisto
21%
Planète naine Cérès
21%
Satellite naturel Charon
21%
Satellite naturel Encelade
21%
Satellite naturel Phobos
21%
Planète naine Hauméa
18%
Satellite naturel Mimas
18%
Satellite naturel Japet
14%
Comète Comète Tchouri
11%
Satellite naturel Dioné
11%
Satellite naturel Miranda
11%
Aucun quiz correspondant
Distribution des résultats
% des personnes avec chaque résultat
Percentile par nombre de réponses
Votre historique - résultats
Vous n’avez pas pris ce quiz